LEADER 01100nam0 2200289 450 001 000020247 005 20081203150926.0 010 $a0-444-99754-7 100 $a20081203d1981----km-y0itay50------ba 101 0 $aeng 102 $aNL 105 $ay-------001yy 200 1 $aMathematical theory of elastic and elasto-plastic bodies$ean introduction$fJind\0159ich Ne\010Das and Ivan Hlavá\010Dek$gtranslation [by] K. Segeth 210 $aAmsterdam$cElsevier$d1981 215 $a342 p.$d25 cm 225 2 $aStudies in applied mechanics$v3 410 0$12001$aStudies in applied mechanics 500 10$aMathematical theory of elastic and elasto-plastic bodies$933381 610 1 $aMeccanica$aDeformazione elastica 676 $a531.382$v21$9Meccanica classica. Deformazione elastica 700 1$aNe\010Das,$bJind\0159ich$0632542 701 1$aHlavá\010Dek,$bIvan$0632543 801 0$aIT$bUNIPARTHENOPE$c20081203$gRICA$2UNIMARC 912 $a000020247 951 $aM 531.382 3/1$bM 606$cDSA$d2008 996 $aMathematical theory of elastic and elasto-plastic bodies$933381 997 $aUNIPARTHENOPE LEADER 01869oam 2200457M 450 001 9910716202703321 005 20200213070535.7 035 $a(CKB)5470000002520103 035 $a(OCoLC)1065848923 035 $a(OCoLC)995470000002520103 035 $a(EXLCZ)995470000002520103 100 $a20071213d1926 ua 0 101 0 $aeng 135 $aurcn||||||||| 181 $ctxt$2rdacontent 182 $cc$2rdamedia 183 $acr$2rdacarrier 200 10$aCreating a commission to procure a design for a distinctive flag for the District of Columbia. January 16 (calendar day, January 20), 1926. -- Ordered to be printed 210 1$a[Washington, D.C.] :$c[U.S. Government Printing Office],$d1926. 215 $a1 online resource (2 pages) 225 1 $aSenate report / 69th Congress, 1st session. Senate ;$vno. 67 225 1 $a[United States congressional serial set ] ;$v[serial no. 8524] 300 $aBatch processed record: Metadata reviewed, not verified. Some fields updated by batch processes. 300 $aFDLP item number not assigned. 517 $aCreating a commission to procure a design for a distinctive flag for the District of Columbia. January 16 606 $aIndependent regulatory commissions 606 $aFlags 606 $aLegislative amendments 608 $aLegislative materials.$2lcgft 615 0$aIndependent regulatory commissions. 615 0$aFlags. 615 0$aLegislative amendments. 701 $aCapper$b Arthur$f1865-1951$pRepublican (KS)$01386839 801 0$bWYU 801 1$bWYU 801 2$bOCLCO 801 2$bOCLCQ 906 $aBOOK 912 $a9910716202703321 996 $aCreating a commission to procure a design for a distinctive flag for the District of Columbia. January 16 (calendar day, January 20), 1926. -- Ordered to be printed$93505377 997 $aUNINA